Administración de recursos humanos: el capital humano de las empresas

Gorde:
Xehetasun bibliografikoak
Egile Nagusiak: Werther, William B (Egilea), Davis, Keith (Egilea)
Formatua: Liburua
Hizkuntza:gaztelania
Argitaratua: Ciudad de México McGraw-Hill Interamericana 2008
Edizioa:6a. ed
Gaiak:
Etiketak: Etiketa erantsi
Etiketarik gabe, Izan zaitez lehena erregistro honi etiketa jartzen!

MARC

LEADER 00000nam a2200000 a 4500
001 UCG3174
003 CL-VaPUC
008 100812e20080000MX |||||||||||||||||spa|d
020 |a 9789701059135 
082 0 4 |a 658.3  |b WER  |2 21 
100 0 |a Werther, William B  |e author  |9 552096 
700 0 |a Davis, Keith  |e author  |9 552097 
245 1 0 |a Administración de recursos humanos: el capital humano de las empresas 
250 |a 6a. ed 
300 |a 610 p 
942 |c BK 
945 |d 20100812 00:00:00  |a mfarfan 
260 |a Ciudad de México  |b McGraw-Hill Interamericana   |c 2008 
650 0 |a Administración del personal  |9 260442 
650 0 |a Condiciones de trabajo   |9 359118 
650 0 |a Recursos humanos   |9 228420 
650 0 |a Capital humano   |9 260441 
583 |a last modification  |c 20170510 09:52:11  |k Rodrigo Vera 
999 |c 342258  |d 342256 
952 |0 0  |1 0  |4 0  |6 658_300000000000000_WER_2008  |7 0  |8 A  |9 438355  |a BIBING  |b BIBING  |d 2019-11-22  |i 4707117  |o 658.3 WER 2008  |p 4707117  |r 2025-01-20  |w 2019-11-22  |y BK  |k ING